Personnalités au hasard #39 - Statistiques

Statistiques générales
  • Ce quiz a été pris 218 fois
    217 depuis la dernière actualisation
  • Le résultat moyen est 9 sur 32
Statistiques - réponses
Par images Réponse % Correct
Soprano
96%
Djibril Cissé
76%
Sylvie Tellier
62%
David Douillet
61%
Basile Boli
53%
Karl Zéro
42%
Yoann Riou
41%
Michel Denisot
40%
Marie-José Pérec
39%
Rio Mavuba
37%
Alpha Wann
34%
Frédérique Bel
33%
Caroline Receveur
32%
Catherine Lara
30%
Yves Lecoq
30%
Teri Hatcher
27%
Daniela Capone
26%
Estelle Lefébure
22%
Madison Beer
22%
Billy Crawford
20%
Charles Pasqua
20%
Justine Triet
12%
Christelle Chollet
9%
Émilie Tran Nguyen
9%
David Astorga
8%
Billie Jean King
7%
Willy Brandt
7%
Olivier Duhamel
5%
Margrethe II
3%
Mathias Vicherat
3%
Iris Knobloch
1%
Paula Patton
1%
Aucun quiz correspondant
Distribution des résultats
% des personnes avec chaque résultat
Percentile par nombre de réponses
Votre historique - résultats
Vous n’avez pas pris ce quiz depuis la dernière actualisation